The Global positioning system and GIS : An introduction (Record no. 42254)

MARC details
000 -LEADER
fixed length control field 00336nam a2200121Ia 4500
020 ## - INTERNATIONAL STANDARD BOOK NUMBER
ISBN 0415286085
082 ## - DEWEY DECIMAL CLASSIFICATION NUMBER
Classification number 91:004
Item number KEN
100 ## - MAIN ENTRY--AUTHOR NAME
Personal name Kennedy, Michael
245 #4 - TITLE STATEMENT
Title The Global positioning system and GIS : An introduction
260 ## - PUBLICATION, DISTRIBUTION, ETC. (IMPRINT)
Place of publication New York
Name of publisher Taylor & Francis
Year of publication 2002
942 ## - ADDED ENTRY ELEMENTS (KOHA)
Koha item type Books
Holdings
Withdrawn status Lost status Damaged status Not for loan Home library Current library Date acquired Cost, normal purchase price Full call number Accession Number Koha item type
        RRII Library RRII Library 16/12/2021 42.99 91:004 KEN 22529 Books